1981 1481 1827 1549 1778 1714 1290 1345 2000 1168 1659 1806 1949 1237 1415 1236 1031 1015 1526 1821 1708 1544 1547 1579 1050 1509 1893 1748 1236 1647 1974 1048 1602 1863 1629 1432 1218 1335 1865 1312 1661 1625 1135 1393 1357 1023 1925 1334 1136 1654 1880 1102 1061 1863 1351 1842 1996 1564 1840 1502 1998 1527 1598 1447 1057 1498 1187 1035 1037 1175 1072 1399 1483 1199 1920 1519 1227 1839 1907 1558 1387 1902 1657 1823 1835 1082 1014 1976 1444 1820 1877 1281 1384 1928 1406 1253 1543 1367 1091 BCNSPRNW ULIB Ver.6.0+V

เปลี่ยนเป็นภาษาไทย

Change to English
 แสดงรายละเอียดบรรณานุกรม
  กลับหน้าหลัก

Brief Record : Get Marc (ISO 2709) : E-mail record : QR code < ปิดหน้าต่าง
LEADER : 00000nam 2200000uu 4500
001    13399122927
003     ULIB
008    131101s2551||||th 000 0 tha d
020    ^a9789741628346
050  4 ^aAC158^bค961ว 2551
100 1  ^aโดกีซอง
245 10 ^aวิทยาศาสตร์ฉลาดรู้ เรื่อง จรวดและดาวเทียม /^cโดกีซอง,เรื่องและภาพ ; สถิตชลาลัย, แปล
250    ^aพิมพ์ครั้งที่ 3
260    ^aกรุงเทพฯ :^bอัมรินทร์คอมมิกส์,^c2551
300    ^a193 หน้า :^bภาพประกอบ ;^c21 ซม.
440  0 ^aชุดวิทยาศาสตร์ฉลาดรู้ ;^vลำดับที่ 8
650  7 ^aการ์ตูน
650  7 ^aจรวด^xวรรณกรรมสำหรับเด็ก
650  7 ^aวรรณกรรมเกาหลี
650  7 ^aวรรณกรรมสำหรับเด็ก
650  7 ^aดาเทียม^xวรรณกรรมสำหรับเด็ก
700 0  ^aสถิตชลาลัย,^eผู้แปล
945    ^p199^l0^i15235
995    ^aทศพร
999    ^aทศพร เกษรทอง
รายการนี้ยังไม่มีแท็ก
คุณยังไม่ได้ล็อกอิน คุณสามารถมีกิจกรรมร่วมกับเว็บไซต์ได้ แต่ต้องล็อกอินก่อน ::
  ล็อกอิน

รายการสื่อสารสนเทศ

ลำดับที่ ประเภท เลขเรียก/บาร์โค้ด สถานที่ สถานะ
1. การศึกษาทั่วไป
การศึกษาทั่วไป
AC158 ค961ว 2551 ฉ.1 
  Barcode: 15235
ห้องสมุดวิทยาเขตนครสวรรค์
►หนังสือทั่วไป:l:General Books
ถูกยืม กำหนดส่งวันที่ 12 กุมภาพันธ์ 2566
  จอง

รายการใกล้เคียง
    ผู้แต่ง [โดกีซอง]

    หัวเรื่อง [การ์ตูน]
    หัวเรื่อง [วรรณกรรมเกาหลี]
    หัวเรื่อง [วรรณกรรมสำหรับเด็ก]

BibComment


ยังไม่เคยถูกคอมเมนท์

คอมเมนท์ทรัพยากรรายการนี้
  คอมเมนท์: วิทยาศาสตร์ฉลาดร..


 Copyright 2026. Bcnsprnw @Library